MARC details
| 000 -LEADER |
| campo de control de longitud fija |
02637cam a2200445Ma 4500 |
| 001 - NÚMERO DE CONTROL |
| campo de control |
59987 |
| 005 - FECHA Y HORA DE LA ÚLTIMA TRANSACCIÓN |
| campo de control |
20230410115910.0 |
| 008 - DATOS DE LONGITUD FIJA--INFORMACIÓN GENERAL |
| campo de control de longitud fija |
060103s2005 xxu 000 0 eng d |
| 035 ## - NÚMERO DE CONTROL DEL SISTEMA |
| Número de control de sistema |
(OCoLC)ocn230769491 |
| 040 ## - FUENTE DE CATALOGACIÓN |
| Centro catalogador/agencia de origen |
GEBAY |
| Normas de descripción |
aacr |
| Lengua de catalogación |
ger |
| Centro/agencia transcriptor |
GEBAY |
| 020 ## - NÚMERO INTERNACIONAL ESTÁNDAR DEL LIBRO |
| Número Internacional Estándar del Libro |
1594510962 |
| 020 ## - NÚMERO INTERNACIONAL ESTÁNDAR DEL LIBRO |
| Número Internacional Estándar del Libro |
9781594510960 |
| 020 ## - NÚMERO INTERNACIONAL ESTÁNDAR DEL LIBRO |
| Número Internacional Estándar del Libro |
1594510970 |
| 020 ## - NÚMERO INTERNACIONAL ESTÁNDAR DEL LIBRO |
| Número Internacional Estándar del Libro |
9781594510977 |
| 035 ## - NÚMERO DE CONTROL DEL SISTEMA |
| Número de control de sistema |
(OCoLC)230769491 |
| 050 14 - SIGNATURA TOPOGRÁFICA DE LA BIBLIOTECA DEL CONGRESO |
| Número de clasificación |
HQ 281 |
| Número de ítem |
T764 2005 |
| 245 00 - MENCIÓN DEL TÍTULO |
| Título |
Trafficking and prostitution reconsidered : |
| Resto del título |
new perspectives on migration, sex work, and human rights |
| Mención de responsabilidad, etc. |
ed. by Kamala Kempadoo with Jyoti Sanghera and Bandana Pattanaik |
| 250 ## - MENCION DE EDICION |
| Mención de edición |
1. ed. |
| 260 ## - PUBLICACIÓN, DISTRIBUCIÓN, ETC. |
| Lugar de publicación, distribución, etc. |
Boulder, Colo. |
| Nombre del editor, distribuidor, etc. |
Paradigm Publ. |
| Fecha de publicación, distribución, etc. |
2005 |
| 300 ## - DESCRIPCIÓN FÍSICA |
| Extensión |
xxxiv, 247 p. |
| 500 ## - NOTA GENERAL |
| Nota general |
Includes bibliographical references and index |
| 501 ## - NOTA DE CON |
| Nota de "Con" |
Introduction: from moral panic to global justice; changing perspectives on trafficking / Kamala Kempadoo -- Unpacking the trafficking discourse / Jyoti Sanghera -- Cross-border movements and the law : renegotiating the boundaries of difference / Ratna Kapur -- Miles away : the trouble with prevention in the greater Mekong sub-region / Phil Marshall and Susu Thatun -- Reflections by an anti-trafficking activist / by Lin Chew -- From anti-trafficking to social discipline : or, the changing role of women's NGOs in Taiwan / Josephine Ho -- Trafficking in lives : how ideology shapes policy / Melissa Ditmore -- The myth of Nepal-to-India sex trafficking : its creation, its maintenance, and its influence on anti-trafficking interventions / John Frederick -- Sex worker rights organizations and anti-trafficking campaigns / edited by Kamala Kempadoo -- Migration, trafficking, and sites of work : rights and vulnerabilities / Jagori -- Feminist participatory action research in the Mekong regio |
| 650 04 - PUNTO DE ACCESO ADICIONAL DE MATERIA--TÉRMINO DE MATERIA |
| Término de materia o nombre geográfico como elemento de entrada |
Human smuggling |
| Subdivisión geográfica |
Asia |
| 650 04 - PUNTO DE ACCESO ADICIONAL DE MATERIA--TÉRMINO DE MATERIA |
| Término de materia o nombre geográfico como elemento de entrada |
Prostitution |
| Subdivisión geográfica |
Asia |
| 650 04 - PUNTO DE ACCESO ADICIONAL DE MATERIA--TÉRMINO DE MATERIA |
| Término de materia o nombre geográfico como elemento de entrada |
Forced labor |
| Subdivisión geográfica |
Asia |
| 650 04 - PUNTO DE ACCESO ADICIONAL DE MATERIA--TÉRMINO DE MATERIA |
| Término de materia o nombre geográfico como elemento de entrada |
Transnational crime |
| 650 #0 - PUNTO DE ACCESO ADICIONAL DE MATERIA--TÉRMINO DE MATERIA |
| Término de materia o nombre geográfico como elemento de entrada |
Human trafficking |
| Subdivisión geográfica |
Asia |
| Subdivisión general |
Prevention |
| -- |
History. |
| 650 #0 - PUNTO DE ACCESO ADICIONAL DE MATERIA--TÉRMINO DE MATERIA |
| Término de materia o nombre geográfico como elemento de entrada |
Prostitution |
| Subdivisión geográfica |
Asia |
| Subdivisión general |
History. |
| 650 #0 - PUNTO DE ACCESO ADICIONAL DE MATERIA--TÉRMINO DE MATERIA |
| Término de materia o nombre geográfico como elemento de entrada |
Women |
| Subdivisión general |
Crimes against |
| Subdivisión geográfica |
Asia |
| Subdivisión general |
Prevention |
| -- |
History. |
| 650 #4 - PUNTO DE ACCESO ADICIONAL DE MATERIA--TÉRMINO DE MATERIA |
| Término de materia o nombre geográfico como elemento de entrada |
Trata de personas. |
| 650 #4 - PUNTO DE ACCESO ADICIONAL DE MATERIA--TÉRMINO DE MATERIA |
| Término de materia o nombre geográfico como elemento de entrada |
Trata de personas |
| Subdivisión geográfica |
Asia |
| Subdivisión general |
Prevención |
| 650 #4 - PUNTO DE ACCESO ADICIONAL DE MATERIA--TÉRMINO DE MATERIA |
| Término de materia o nombre geográfico como elemento de entrada |
Delitos contra la mujer |
| Subdivisión geográfica |
Asia. |
| 650 #4 - PUNTO DE ACCESO ADICIONAL DE MATERIA--TÉRMINO DE MATERIA |
| Término de materia o nombre geográfico como elemento de entrada |
Prostitución |
| 700 1# - ENTRADA AGREGADA--NOMBRE PERSONAL |
| Nombre de persona |
Kempadoo, Kamala |
| 856 40 - LOCALIZACIÓN Y ACCESO ELECTRÓNICOS |
| Materiales especificados |
Table of contents |
| Identificador Uniforme de Recursos |
<a href="http://www.loc.gov/catdir/toc/ecip058/2005004912.html">http://www.loc.gov/catdir/toc/ecip058/2005004912.html</a> |
| 856 ## - LOCALIZACIÓN Y ACCESO ELECTRÓNICOS |
| Identificador Uniforme de Recursos |
<a href="http://bvbr.bib-bvb.de:8991/F?func=service&docölibrary=BVB01&docönumber=014599884&lineönumber=0001&funcöcode=DBöRECORDS&serviceötype=MEDIA">http://bvbr.bib-bvb.de:8991/F?func=service&docölibrary=BVB01&docönumber=014599884&lineönumber=0001&funcöcode=DBöRECORDS&serviceötype=MEDIA</a> |
| Nota pública |
Inhaltsverzeichnis |
| 942 ## - ELEMENTOS DE ENTRADA SECUNDARIOS (KOHA) |
| Fuente del sistema de clasificación o colocación |
Clasificación de Library of Congress |
| Tipo de ítem Koha |
|
| 946 ## - PROCESAMIENTO DE INFORMACIÓN LOCAL (OCLC) |
| a |
clperez |
| 994 ## - |
| -- |
C0 |
| -- |
DRFGD |